1569 1865 1436 1252 1331 1376 1820 1228 1005 1515 1179 1808 1119 1630 1555 1955 1701 1797 1283 1219 1872 1810 1311 1769 1215 1262 1948 1946 1884 1024 1919 1564 1799 1757 1408 1696 1573 1973 1543 1201 1024 1153 1534 1039 1675 1857 1043 1213 1781 1924 1947 1469 1125 1403 1182 1427 1068 1179 1681 1019 1283 1949 1297 1169 1131 1266 1713 1598 1176 1507 1606 1565 1516 1275 1965 1552 1171 1575 1661 1547 1837 1870 1548 1388 1468 1082 1831 1748 1393 1543 1317 1604 1594 1959 1923 1046 1317 1308 1384 BCNSPRNW ULIB Ver.6.0+V

เปลี่ยนเป็นภาษาไทย

Change to English
 แสดงรายละเอียดบรรณานุกรม
  กลับหน้าหลัก

Brief Record : Get Marc (ISO 2709) : E-mail record : QR code < ปิดหน้าต่าง
LEADER : 00000nam 2200000uu 4500
001    13399127286
003     ULIB
008    200325s2559||||th 000 0 tha d
020    ^a9786161129507
060 04 ^aWW260^bก491^cล.2
100 0  ^aพิพัฒน์ คงทรัพย์
245 00 ^aการผ่าตัดต้อกระจกแผลเล็ก.^n2 =^bManual small incision cataract surgery (MSICS) : technique and tips for challenging cataract /^cบรรณาธิการ, พิพัฒน์ คงทรัพย์
250    ^aพิมพ์ครั้งที่ 1
260    ^aสมุทรสาคร :^bพิมพ์ดี,^c2559
300    ^axi, 268 หน้า :^bภาพประกอบสี ;^c27 ซม.
500    ^aผู้่ใหญ่
505 0  ^aตอนที่ 1. ขั้นตอนและวิธีการผ่าตัด -- การลงแผลผ่าตัด --การฉีกถุงหุ้มเลนส์ด้านหน้า -- การงัดเลนส์ขึ้นมาในช่องด้านหน้าตา --เทคนิคการผ่าตัดต้อกระจกแผลเล็ก -- การฝังเลนส์แก้วตาเทียม -- ตอนที่ 2.การผ่าตัดต้อในรายที่ซับซ้อน -- การผ่าตัดในต้อชนิดขาวขุ่น --การผ่าตัดในต้อชนิดแข็งมาก -- การผ่าตัดในผู้ป่วยรูม่านตาแคบ --การผ่าตัดต้อในเด็ก -- การผ่าตัดในผู้ป่วยต้อหิน --การฝังเลนส์แก้วตาเทียมโดยยึดเลนส์กับสเคลอร่า --การรักษากรณีเลนส์ตกในช่องนํ้าวุ้นตา -- การผ่าตัดในต้อชนิด Posteriorpolar -- เทคนิคการผ่าตัดต้อกระจกโดย : A-Technique --การผสมผสานการผ่าตัดต้อแบบแผลเล็กและการสลายต้อกระจก -- ตอนที่ 3.ส่วนสนับสนุนการผ่าตัด -- การระงับความรู้สึกด้วยการฉีดยาใต้เยื่อบุตาขาว --การตรวจด้วยอัลตราซาวด์ในผู้ป่วยต้อกระจกชนิดขาวขุ่น --เลนส์แก้วตาเทียมหลายโฟกัส --การหาค่าเลนส์แก้วตาเทียมด้วยเครื่องมือไบโอ --การดัดแปลงวัสดุการแพทย์สำหรับการผ่าตัดต้อกระจกแผลเล็ก --ความปลอดภัยของผู้ป่วยทางจักษุวิทยา --การคำนวณค่าเลนส์สำหรับผู้ที่ได้รับการผ่าตัดแก้ไขสายตาผิดปกติ
650  4 ^aต้อกระจก^xการรักษา
650  4 ^aต้อกระจก, ศัลยกรรม
650  4 ^aตา, โรค^xการรักษา
650  4 ^aเลนส์^xการวัด
650  4 ^aเลนส์^xศัลยกรรม
710 2  ^aโรงพยาบาลพระปกเกล้า.^bศูนย์แพทยศาสตร์ศึกษาชั้นคลินิก
945    ^p790^l0^i28047
945    ^p790^l0^i28060
945    ^p790^l0^i28061
945    ^p790^l0^i28062
945    ^p790^l0^i28063
999    ^aกัณชพร จุลอักษร
รายการนี้ยังไม่มีแท็ก
คุณยังไม่ได้ล็อกอิน คุณสามารถมีกิจกรรมร่วมกับเว็บไซต์ได้ แต่ต้องล็อกอินก่อน ::
  ล็อกอิน

รายการสื่อสารสนเทศ

ลำดับที่ ประเภท เลขเรียก/บาร์โค้ด สถานที่ สถานะ
1. หนังสือสำรอง
หนังสือสำรอง
WW260 ก491 ล.2 ฉ.1 
  Barcode: 28047
ห้องสมุดวิทยาเขตนครสวรรค์
►หนังสือทั่วไป:l:General Books
บนชั้น
2. วิทยาศาสตร์การแพทย์ และสุขภาพ
วิทยาศาสตร์การแพทย์ และสุขภาพ
WW260 ก491 ล.2 ฉ.2 
  Barcode: 28060
ห้องสมุดวิทยาเขตนครสวรรค์
►หนังสือทั่วไป:l:General Books
บนชั้น
3. วิทยาศาสตร์การแพทย์ และสุขภาพ
วิทยาศาสตร์การแพทย์ และสุขภาพ
WW260 ก491 ล.2 ฉ.3 
  Barcode: 28061
ห้องสมุดวิทยาเขตนครสวรรค์
►หนังสือทั่วไป:l:General Books
บนชั้น
4. วิทยาศาสตร์การแพทย์ และสุขภาพ
วิทยาศาสตร์การแพทย์ และสุขภาพ
WW260 ก491 ล.2 ฉ.4 
  Barcode: 28062
ห้องสมุดวิทยาเขตนครสวรรค์
►หนังสือทั่วไป:l:General Books
บนชั้น
5. วิทยาศาสตร์การแพทย์ และสุขภาพ
วิทยาศาสตร์การแพทย์ และสุขภาพ
WW260 ก491 ล.2 ฉ.5 
  Barcode: 28063
ห้องสมุดวิทยาเขตนครสวรรค์
►หนังสือทั่วไป:l:General Books
บนชั้น

รายการใกล้เคียง
    ผู้แต่ง [พิพัฒน์ คงทรัพย์]

    หัวเรื่อง [ต้อกระจก, ศัลยกรรม]

BibComment


ยังไม่เคยถูกคอมเมนท์

คอมเมนท์ทรัพยากรรายการนี้
  คอมเมนท์: การผ่าตัดต้อกระจ..


 Copyright 2026. Bcnsprnw @Library